[Event "Canovelles op 11th"]
[Site "Canovelles"]
[Date "2008.04.04"]
[Round "4.6"]
[White "Cuesta Acero, Carles"]
[Black "Gomez Benitez, David Isaac"]
[Result "0-1"]
[WhiteElo "1612"]
[BlackElo "2084"]
[PlyCount "44"]
[EventDate "2008.03.07"]
[EventType "swiss"]
[EventRounds "9"]
[EventCountry "ESP"]
[SourceTitle "EXT 2024"]
[Source "ChessBase"]
[SourceDate "2023.10.10"]
[SourceVersion "1"]
[SourceVersionDate "2023.10.10"]
[SourceQuality "1"]

1. e4 d5 2. exd5 Qxd5 3. Nc3 Qd6 4. d4 Nf6 5. Bg5 a6 6. Qd2 b5 7. Nf3 b4 8. Ne2 Ne4 9. Qf4 Nxg5 10. Qxg5 Bb7 11. Ne5 Nc6 12. 0-0-0 g6 13. Nc4 Qf6 14. Qxf6 exf6 15. d5 Ne5 16. Na5 0-0-0 17. Nxb7 Kxb7 18. f3 Nc4 19. Nf4 Ne3 20. Rd4 Bc5 21. Rd3 Rhe8 22. Kd2 Nc4+ 0-1